000 00670nam a2200217 a 4500
005 20240914063750.0
008 070322s2006 mx r 000 0 spa d
020 _a9703703038
035 _aUPN01000149945
049 _aCG
050 4 _aJL1292
_bP7.2
245 0 3 _aEl presidente /
_cJorge Zepeda Patterson ... [et al.].
260 _aMéxico :
_bPlaneta,
_c2006.
300 _a155 p.
440 0 _aBooket
500 _aEn la portada "Uno de los tres te gobernará: descubrelo..."
650 4 _aCANDIDATOS PRESIDENCIALES -
_zMEXICO
_97476
650 0 _aPresidentes
_zMéxico
_xElección
_y2000
_97475
700 1 _aZepeda Patterson, Jorge,
_ecoaut.
905 _aLibro
999 _c122086
_d122086